Statistics for Countries that Alternate Between Vowels and Consonants

Click here to take the quiz!

General Stats

  • This quiz has been taken 31 times
  • The average score is 20 of 35

Answer Stats

# of LettersAnswer% Correct
6Canada
91%
Japan
83%
Oman
83%
Mexico
78%
Panama
78%
Qatar
78%
Peru
74%
Togo
70%
5Yemen
70%
Fiji
65%
Italy
65%
Mali
65%
Gabon
61%
Iran
61%
Iraq
61%
Niger
61%
Sudan
61%
6Belize
57%
4Cuba
57%
5Benin
52%
Guyana
52%
Monaco
52%
Nepal
52%
Kosovo
48%
Suriname
48%
Belarus
43%
Comoros
43%
Kiribati
43%
Malawi
43%
Senegal
43%
Tuvalu
43%
7Bahamas
39%
8Dominica
39%
Lebanon
35%
2+ WordsUnited Arab Emirates
30%

Score Distribution

Percentile by Number Answered

Percent of People with Each Score

Your Score History

You have not taken this quiz